El estado y los problemas tácitos en el gobierno de Allende
Guardat en:
| Autor principal: | |
|---|---|
| Format: | Llibre |
| Idioma: | espanyol |
| Publicat: |
Ciudad de México, México
Siglo Veintiuno
1974
|
| Matèries: | |
| Etiquetes: |
Afegir etiqueta
Sense etiquetes, Sigues el primer a etiquetar aquest registre!
|
MARC
| LEADER | 00000nam a2200000 a 4500 | ||
|---|---|---|---|
| 001 | UCO0259 | ||
| 003 | CL-VaPUC | ||
| 005 | 20240906145014.0 | ||
| 008 | 000420e19740000MX |||||||||||||||||spa|d | ||
| 999 | |c 286974 |d 286972 | ||
| 040 | |c Pontificia Universidad Católica de Valparaíso | ||
| 082 | 0 | 4 | |a 983.0646 GAR 1974 |2 21 |
| 100 | |a Garcés, Joan E |e author |9 572417 | ||
| 245 | 1 | 3 | |a El estado y los problemas tácitos en el gobierno de Allende |
| 260 | |a Ciudad de México, México |b Siglo Veintiuno |c 1974 | ||
| 300 | |a 309 páginas | ||
| 583 | |a last modification |c 20000420 00:00:00 |k Rodrigo Vera | ||
| 600 | 0 | |a Allende Gossens, Salvador, |d 1908-1973 |9 257222 | |
| 650 | 7 | |a HISTORIA DE CHILE |2 CL-VaPUC |9 418252 |y 1970-1973 | |
| 650 | 0 | |a Unidad popular |z CHILE |9 317409 | |
| 650 | 0 | |a Política económica |z CHILE |9 255029 | |
| 852 | |a BIBCUR | ||
| 942 | |c BK |2 ddc | ||
| 945 | |d 20000420 00:00:00 |a crobeson | ||
| 952 | |0 0 |1 0 |2 ddc |4 0 |6 983_064600000000000_GAR_1974 |7 0 |8 A |9 333262 |a BIBHIS |b BIBHIS |d 2019-11-20 |i 127015K |o 983.0646 GAR 1974 |p 127015K |r 2025-01-20 |t 1 |w 2019-11-20 |y BK |k HIS | ||